000 02181cam a22002054a 4500
005 20250901131004.0
008 250528s ||||||||||||||||||||||||d
035 _a21225
020 _a9789600113297
040 _aGR-AtMCL
_bgre
_dGR-AtMCL
_eAACR2
245 1 _aΑρχές Οικονομικής Θεωρίας / Με Αναφορές στις Ευρωπαϊκές Οικονομίες.
_nΤόμος Β' - Μακροοικονομική
260 _bGutenberg,
_c2010
300 _a603
520 _aΆριστο βοήθημα των Οικονομικών Επιστημών. Η Οικονομική των Αγορών Εργασίας, Οι Αγορές των Συντελεστών της Παραγωγής, Εισοδήματα και Διακρίσεις, Εισοδηματική Ανισότητα και Φτώχεια, Τα Δεδομένα της Μακροοικονομικής, Η Μέτρηση του Εθνικού Εισοδήματος, Η Μέτρηση του Κόστους Ζωής, Η Πραγματική Οικονομία στη Μακροχρόνια Περίοδο, Παραγωγή και Οικονομική Μεγέθυνση, Η Αποταμίευση και η Επένδυση και το Χρηματοπιστωτικό Σύστημα, Τα Βασικά Χρηματοπιστωτικά Εργαλεία, Ανεργία, Χρήμα και Τιμές στη Μακροχρόνια Περίοδο, Το Νομισματικό Σύστημα, Αύξηση Χρήματος και Πληθωρισμός, Η Μακροοικονομική των Ανοικτών Οικονομιών, Η Μακροοικονομική της Ανοιχτής Οικονομίας: Βασικές Έννοιες, Βραχυχρόνιες Οικονομικές Διακυμάνσεις, Η Επίδραση της Νομισματικής και Δημοσιονομικής Πολιτικής στη Συνολική Ζήτηση, Ευρωπαϊκή Νομισματική ΈΈνωση, Τελικές Σκέψεις.
700 1 _aMankiw Gregory N
_92845
700 1 _aTaylor, Mark P.
_97243
942 _cBK
999 _c6292
_d6292